La flor de la maravilla : (Registro nro. 11149)

Detalles MARC
000 -LIDER
fixed length control field 00934nam a22003137a 4500
001 - NÚMERO DE CONTROL
Identificador de número de control 001121
003 - IDENTIFICACDOR DE NÚMERO DE CONTROL
control field DO-SdBNP
005 - DATE AND TIME OF LATEST TRANSACTION
control field 20230221112752.0
007 - CAMPOS FIJOS DE DESCRIPCIÓN FÍSICA
fixed length control field 001121
008 - ELEMENTOS DE LONGITUD FIJA
fixed length control field 160811b 2006 sp||00| 0 spa d
020 ## - ISBN
International Standard Book Number 8489384665
040 ## - FUENTE DE CATALOGACIÓN
Agencia que crea de manera original el registro BPMSU
Idioma de catalogación spa
Agencia que realiza la transcripción BPMSU
082 #4 - NÚMERO DE CLASIFICACIÓN DECIMAL DE DEWEY
Classification number 782.7
Item number P381f 2006
Edition number 22
100 1# - ASIENTO PRINCIPAL -- NOMBRE PERSONAL
Nombre personal Pelegrín, Ana
245 13 - MENCIÓN DE TITULO
Título La flor de la maravilla :
Subtítulo juegos romances retahílas /
Mención de responsabilidad Ana Pelegrín ; edición Mariángeles Fernández.
250 ## - MENCIÓN DE EDICION
Mención de edición 2a ed.
260 ## - PUBLICACIÓN, DISTRIBUCIÓN, ETC. (PIE DE IMPRENTA)
Lugar de publicación, distribución, etc Madrid :
Nombre del editor, distribuidor, etc. Fundación Germán Sánchez Ruipérez,
Fecha de publicación, distribución, etc 2006.
300 ## - DESCRIPCIÓN FÍSICA
Extensión 383 p. :
Otros detalles físicos il.;
Dimensiones 23 cm.
490 1# - MENCIÓN DE SERIES
Mención de serie El árbol de la memoria
500 ## - NOTA GENERAL
Nota general Incluye índice analítico
590 ## - NOTA LOCAL
Enlace Inventariado, 2023/VM
650 #4 - ENCABEZAMIENTO DE MATERIA--TEMÁTICO
Término temático o nombre geográfico como elemento de entrada Canciones infantiles
650 #4 - ENCABEZAMIENTO DE MATERIA--TEMÁTICO
Término temático o nombre geográfico como elemento de entrada Juegos infantiles
650 #4 - ENCABEZAMIENTO DE MATERIA--TEMÁTICO
Término temático o nombre geográfico como elemento de entrada Poesía infantil
700 12 - ASIENTO SECUNDARIO -- NOMBRE PERSONAL
Nombre personal Fernández, Mariángeles,
Mención de responsabilidad ed.
910 ## - VALIDACIÓN
Validación VMateo V. Control de calidad
942 ## - ADDED ENTRY ELEMENTS (KOHA)
Source of classification or shelving scheme Dewey Decimal Classification
Koha item type Libros
945 ## - INFORMACIÓN DE PROCESAMIENTO LOCAL
Información de procesamiento local
Existencias
Withdrawn status Lost status Source of classification or shelving scheme Damaged status Not for loan Collection code Home library Current library Date acquired Source of acquisition Full call number Barcode Date last seen Price effective from Koha item type
    Dewey Decimal Classification     Colección Juvenil General Biblioteca Pública Metropolitana Salomé Ureña Biblioteca Pública Metropolitana Salomé Ureña 08/11/2016 Fundación Germán Sánchez Ruipérez BPMSU CGJ 782.7 P381f 2006 BPMSU16080167 08/11/2016 08/11/2016 Libros